All Star 2. Student Book with audio highlights

Sparad:
Bibliografiska uppgifter
Huvudupphovsman: Lee, Linda
Materialtyp: Bok
Språk:English
Publicerad: McGraw - HillCompanies, Inc 2005
Ämnen:
Taggar: Lägg till en tagg
Inga taggar, Lägg till första taggen!
Thư viện lưu trữ: Mạng thư viện Đại học Đà Nẵng
LEADER 00876nam a22002531a 4500
001 000034867
003 11087
005 20151027134512.0
008 151027s2005 000 eng
041 |a eng 
082 |a 420.028  |b LE-L 
100 |a Lee, Linda 
245 |a All Star 2. Student Book with audio highlights  |c Linda Lee 
260 |a McGraw - HillCompanies, Inc  |c 2005 
300 |a 190p. : ill ; 30cm 
650 |a Linda Lee, All Star 2. Student, 2005, Exercise 
OWN |a LNN 
AVA |a UDN50  |b LNN  |d 420.028 LE-L  |e available  |t Error 5001 Not defined in file expand_doc_bib_avail.  |f 1  |g 0  |h N  |i 0  |k 1 
999 |a From the UDN01 
AVA |a UDN50  |b LNN  |d 420.028 LE-L  |e available  |t Error 5001 Not defined in file expand_doc_bib_avail.  |f 1  |g 0  |h N  |i 0  |k 1 
TYP |a Monograph 
980 |a Mạng thư viện Đại học Đà Nẵng